| 000 | 00580nam a2200169 i 4500 | ||
|---|---|---|---|
| 001 | 142503 | ||
| 003 | ES-MaACL | ||
| 005 | 20230906200536.0 | ||
| 007 | t| | ||
| 008 | 071005s1934 sp ||||1| spa d | ||
| 100 | 1 |
_aVilanova, María. _9114777 |
|
| 245 | 1 | 4 |
_aUna ciencia desconocida del hombre de la tierra _b: año 1932 / _cdada por un espíritu.., Edison... dictado a la médium María Vilanova del grupo "Amor y Vida". |
| 260 |
_aBarcelona : _b[s.n.], _c1934 ( _fImp. Clarasó) |
||
| 300 |
_a93 p. ; _c18 cm. |
||
| 650 | 1 | 4 |
_aEspiritismo. _912502 |
| 852 |
_aES-MaACL _jB-8441 |
||
| 999 |
_c142503 _d142503 |
||